USA 40K Cities on a Map: South Carolina - Statistics

General Stats
  • This quiz has been taken 10 times
  • The average score is 7 of 9
Answers on the Map
Answers color-coded by a green-red scale on the quiz's map according to % correct below.
 
Answer Stats
Answer % Correct
Charleston
100%
Columbia
100%
Greenville
89%
North Charleston
89%
Rock Hill
78%
Mount Pleasant
56%
Summerville
56%
Sumter
56%
Goose Creek
44%
No matching quizzes found
Score Distribution
Percent of People with Each Score
Percentile by Number Answered
Your Score History
You have not taken this quiz